Growing up happily/ (Record no. 191560)

MARC details
000 -LEADER
fixed length control field 00614nam a22001937a 4500
005 - DATE AND TIME OF LATEST TRANSACTION
control field 20220829170631.0
010 ## - LCCN (DPL NO)
LC control number ENG-134767
020 ## - INTERNATIONAL STANDARD BOOK NUMBER
Terms of availability 150.00
035 ## - SYSTEM CONTROL NUMBER
System control number EN-118299
037 ## - SOURCE OF ACQUISITION
Source of stock number/acquisition DBAD/PUB
082 ## - DEWEY DECIMAL CLASSIFICATION NUMBER
Classification number 649.1
100 ## - MAIN ENTRY--PERSONAL NAME
Personal name Padalkar, Jyotsna
245 ## - TITLE STATEMENT
Title Growing up happily/
Statement of responsibility, etc Jyotsna padalkar; translated by Latika D. padalkar
260 ## - PUBLICATION, DISTRIBUTION, ETC. (IMPRINT)
Place of publication, distribution, etc Pune
Name of publisher, distributor, etc Ajit R. Padalkar
Date of publication, distribution, etc 2012
270 ## - ADDRESS
Address Padalkar pediatric hospital near nal stip, karve road
City pune
Postal code 411004
Telephone number 02025448046
300 ## - PHYSICAL DESCRIPTION
Extent 169 p.
Dimensions 22cm(pbk)
Other physical details Bibliography
700 ## - ADDED ENTRY--PERSONAL NAME
Personal name Padalkar, Latika D.
942 ## - ADDED ENTRY ELEMENTS (KOHA)
Source of classification or shelving scheme Dewey Decimal Classification
Item type English Books
Classification part 649.1
Call number suffix PAD
Holdings
Withdrawn status Lost status Not for loan Collection code Home library Current library Date acquired Source of acquisition Cost, normal purchase price Full call number Barcode Copy number Cost, replacement price Koha item type
      Non-fiction Ashok Vihar Ashok Vihar 29/08/2022 DBAD/PUB 150.00 649.1 PAD EN-118299 1 150.00 English Books

© Delhi Public Library
Hit Counter
free hit counter